00885nam a22002537a 45000010005000000030006000050050017000110080041000280200018000690400029000870500015001160820010001311000026001412450115001672500045002822600038003273000048003655050007004135200116004205210018005365210018005546500033005727000026006056858FISKH20260225091801.0250603b cb ||||| |||| 00| 0 eng d a9780439856676 aFISKHbengcFISKHdFISKH aQA117 .N24 a513.2 aNagda, Ann Whitehead  aPolar bear math :bLearning about fractions from klondike and snow /cby Ann Whitehead Nagda and Cindy Bickel  aFirst Scholastic printing, January 2006  aNew York : bScholastic, c2004.  a29 pages : bcolor illustrations ; c26 cm  aR  aUses charts and recipes for bear milk prepared for two baby polar bears born in a zoo to teach about fractions.8 a740 bLexile 8 aR bRaz-Plus  afractionsvKlondike and Snow aBickel, Cindy Author